000 00667nam a22001695i 4500
001 158699
003 ES-MaACL
005 20230906211256.0
008 021213s1888 xxu |||| | eng d
040 _aCCPB | B
_bspa
_cCCPB | B
100 1 _aMarcou, Jules.
_976547
245 1 0 _aAmerican geological classification and nomenclature /
_cby Jules Marcou.
260 _aCambridge, Massachusetts :
_bprinted for the author,
_c1888.
300 _a75 p. ;
_c24 cm.
650 4 _aGeologĂ­a-
_vNomenclatores.
_9157295
852 _aES-MaACL
_jT-901-F-28
_z-- Enc. hol. conservando la cub. original
_z-- Legado de Federico de Botella y de Hornos
_z-- Enc. en un vol. facticio
999 _c158699
_d158699